000 00766nam a2200229Ia 4500
001 8495
003 GE_BSU
008 181216s||||||||xx |||||||||||||| ||und||
040 _cGE_BSU
080 _a008(479.22)
100 _aზამბახიძე,ანზორ.
245 _aთბილისი აჭარაში.
245 _bთბილისის დღეები აჭარაში.
245 _cრედ:ნ.გუგუნავა.
260 _aბათუმი.
260 _bსაბჭ.აჭარა.
260 _c1981.
300 _a159გვ;ილ;21სმ.
653 _aთბილისი აჭარაში.
653 _aთბილისის დღეები აჭარაში.
942 _cBK
999 _c41812
_d41812